Bienvenue au Catalogue en Ligne des Bibliothèques de l'Universite du Burundi

The impact of progressive assment and class attendance on students' proficient in english (Record no. 20275)

000 -GUIDE
Champ de contrôle de longueur fixe 01358nam a22002657a 4500
003 - IDENTITÉ DU NUMÉRO DE CONTRÔLE
Champ de contrôle BI-BuBU
008 - ÉLÉMENTS DE LONGUEUR FIXE - RENSEIGNEMENTS GÉNÉRAUX
Champ de contrôle de longueur fixe 130829t2012 bd ||||| |||| 00| 0 eng d
037 ## - SOURCE D'ACQUISITION
Source d'acquisition et du numéro d'inventaire Don de l'auteur
039 ## - NIVEAU DE CONTRÔLE BIBLIOGRAPHIQUE ET HISTORIQUE D'ENCODAGE [OBSOLETE]
Date creation 20130829100443.0
Nom catalographe Nshimirimana Anne-Marie
040 ## - SOURCE DU CATALOGAGE
Organisme qui a effectué le catalogage original BI-BuBU
Code de la langue utilisée dans le catalogage fre
Organisme qui a effectué la transcription BI-BuBU
041 0# - CODE DE LANGUE
Code de langue du texte/de la piste sonore ou du titre distinct eng
080 ## - INDICE DE LA CLASSIFICATION DÉCIMALE UNIVERSELLE (CDU)
Indice de la Classification décimale universelle 371.279.5
100 1# - VEDETTE PRINCIPALE - NOM DE PERSONNE
Code de relation aut
Nom de personne Niyonzima, Alfred
245 14 - MENTION DU TITRE
Titre The impact of progressive assment and class attendance on students' proficient in english
Reste du titre a case study of the departments of english at the university of Burundi
Mention de responsabilité, etc. AlFred Niyonzima; Gaspard Muhitira, directeur
260 ## - PUBLICATION, DIFFUSION, ETC. (ADRESSE BIBLIOGRAPHIQUE)
Lieu de publication, diffusion, etc. Bujumbura
Nom de l'éditeur, diffuseur, etc. University of Burundi, Institute For Applied Pedagogy? English-Kirundi Department
Date of publication, distribution, etc 2012
300 ## - DESCRIPTION MATÉRIELLE
Collation VI-85f.
Dimensions 30 Cm.
500 ## - NOTE GÉNÉRALE
Note générale A thesis submetted in partial fulfilment of therequiremnts for the award of the degree "Liceencié en Pédagogie Appliquée, Agrégé de l'enseignement secondaire en anglais"
650 #7 - VEDETTE-MATIÈRE - NOM COMMUN
Source du terme BI-BuBU
Vedette de sujet ou vedette comportant un nom géographique Evaluation contenu
Subdivision générale Etudiant. Participation. Anglais(langue)
9 (RLIN) 76555
655 #7 - TERME D'INDEXATION - GENRE OU FORME
Source du terme BI-BuBU
Données ou terme dominant sur le genre ou la forme Mémoire
9 (RLIN) 76557
700 1# - VEDETTE SECONDAIRE - NOM DE PERSONNE
Code de relation drt
Nom d'auteur Muhitira, Gaspard
9 (RLIN) 76554
710 ## - VEDETTE SECONDAIRE - NOM DE COLLECTIVITÉ
Code de relation aut
Nom de la collectivité ou nom de lieu comme élément de classement University of Burundi Institute
Collectivité subordonnée For Applied Pedagogy
9 (RLIN) 76553
942 ## - ÉLÉMENTS D'ENTRÉE ADDITIONNELLE (KOHA)
Source de la classification ou du système de rangement
Type d item koha Memoire
Holdings
Statut de retrait Statut de perte Source de la classification ou du système de rangement Statut de déterioration Exclu du prêt Numéro d item Koha Localisation permanente Localisation actuelle Date d'acquisition Source d'acquisition Nombre de prêts Cote Code-barres Date last seen Numéro d'exemplaire Prix en vigueur à partir du Type d item koha
          32070 Bibliothèque Centrale Bibliothèque Centrale 29/08/2013 Don de l'auteur   371.279.5 NIY. 5010000314361 29/08/2013 1 29/08/2013 Memoire
© 2019-2026 - Bibliothèques de l'Université du Burundi |Tous droits réservés
home | Pour toute information urgente Contactez nous | tel whatsupp: +25779204313